Software Testing Using Visual Studio 2010 (Record no. 327554)

MARC details
000 -LEADER
fixed length control field 00478nam a2200169Ia 4500
008 - FIXED-LENGTH DATA ELEMENTS--GENERAL INFORMATION
fixed length control field 230718s9999 xx 000 0 und d
020 ## - INTERNATIONAL STANDARD BOOK NUMBER
International Standard Book Number 9789350233009
041 ## - LANGUAGE CODE
Language code of text/sound track or separate title eng
082 ## - DEWEY DECIMAL CLASSIFICATION NUMBER
Classification number 005.14
Item number S.S
100 ## - MAIN ENTRY--PERSONAL NAME
Personal name Subashni S.
9 (RLIN) 176161
245 ## - TITLE STATEMENT
Title Software Testing Using Visual Studio 2010
260 ## - PUBLICATION, DISTRIBUTION, ETC. (IMPRINT)
Date of publication, distribution, etc. 2011
Name of publisher, distributor, etc. Packt Pub.
300 ## - PHYSICAL DESCRIPTION
Extent 384
365 ## - TRADE PRICE
Currency code Rs.
Price amount 375.00
700 ## - ADDED ENTRY--PERSONAL NAME
Personal name Subashni S. & Satheesh K.
9 (RLIN) 191923
906 ## - LOCAL DATA ELEMENT F, LDF (RLIN)
d O:0166722-Mar-2011B:745118-Mar-2011
c COMP
b 93.75
Holdings
Withdrawn status Lost status Damaged status Not for loan Home library Current library Date acquired Vendor Budget Code Cost, normal purchase price Bill number Total Checkouts Full call number Barcode Date last seen Discount Cost, replacement price Bill Date Koha item type Original Barcode
        Cummins College of Engineering for Women Pune Cummins College of Engineering for Women Pune 22/03/2011 Tbs COMP 281.25 7451   005.14 CCEP-BK-38761 18/07/2023 93.75 375.00 18/03/2011 Books 038761